NFL Ball Knowledge #12 - Statistics

General Stats
  • This quiz has been taken 88 times
  • The average score is 8 of 15
Answer Stats
Hint Answer % Correct
Former Rams QB who went 1st overall in 2016 and led them to the Super Bowl in 2019 Jared Goff
89%
Jaguars EDGE who shares a name with a prominent AFC quarterback Josh Hines Allen
89%
Former Washington DE who was a bust compared to his expectations after going 2nd overall in 2020 out of Ohio State Chase Young
73%
Former Cardinals QB who was so bad that he was only given one season to start after going 10th Overall in 2018 Josh Rosen
71%
Former Ravens Pro Bowler who is now more infamous for his off the field criminal case in 2014 Ray Rice
63%
Browns All Time OL who blocked for a ridiculous 20 different starting QBs during his 11 year career Joe Thomas
61%
Steelers WR who claimed he was " Top 3" after having a 9 TD season in 2020 Chase Claypool
54%
Former Steelers and Giants WR who is a Superbowl champion with the Giants and had multiple 1000+ seasons Plaxico Burress
47%
Colts DT who is a 3x Pro Bowler and former All Pro who played at Oregon DeForest Buckner
46%
Chiefs WR who has been dragged to 3 Superbowl wins while never having more the 700 yards receiving in a season Mecole Hardman
41%
Panthers RB who was a Pro Bowler in 2015 where he rushed for just under 1000 yards Jonathan Stewart
39%
Raiders WR who was apart of the worst last minute lateral plays where he threw the ball pack to Chandler Jones while being on his former team the Patriots Jakobi Myers
27%
Former Seahawks LB who played alongside Bobby Wagner who was a Pro Bowler in 2016 KJ Wright
26%
Former Charges WR who had a 1000+ receiving year in 2016. Could be described as the Mike Williams before Mike Williams Tyrell Williams
20%
Broncos DT who was key in their Super Bowl 50 victory and has a last name that is a wild animal Derek Wolfe
14%
No matching quizzes found
Score Distribution
Percent of People with Each Score
Percentile by Number Answered
Your Score History
You have not taken this quiz